000 00989nmc a2200325 a 4500
003 AR-BaBNM
005 20251128210019.0
008 011101s1998 ||||||||||||||000 | spa||
020 _a950-02-5827-7
040 _cAR-BaBNM
100 1 _aCrippa, Ana Lía
245 1 0 _aCombinatoria, estadística y probabilidades en la EGB
_ben la vida, siempre; en la escuela, ahora
250 _a1ª ed.
260 _aBuenos Aires
_bEl Ateneo
_c1998
300 0 _a67 p.
_bil., tablas,gráfs.
490 0 _aNuevos aires en educación
504 _aConntiene bibliografía p. 67
650 4 _aENSENANZA DE LAS MATEMATICAS
650 4 _aTEORIA DE LAS PROBABILIDADES
650 4 _aESTADISTICA
650 4 _aENSENANZA DE LA ESTADISTICA
650 4 _aSOLUCION DE PROBLEMAS
650 4 _aACTIVIDADES
653 0 _aEDUCACION GENERAL BASICA
700 1 _aArias Mercader, María José
700 1 _aMarcos, Guillermina
800 1 _aPerriconi, Graciela
942 _cBK
998 _cRaquel
999 _c13703
_d13703